Special report (Record no. 104604)

MARC details
000 -LEADER
fixed length control field 00650cab a2200181 4500
001 - CONTROL NUMBER
control field ##L130954
008 - FIXED-LENGTH DATA ELEMENTS--GENERAL INFORMATION
fixed length control field 050727n2005 000 0 eng u
035 ## - SYSTEM CONTROL NUMBER
System control number (Sirsi) u130954
041 0# - LANGUAGE CODE
Language code of text/sound track or separate title eng
245 00 - TITLE STATEMENT
Title Special report
Remainder of title careers
260 ## - PUBLICATION, DISTRIBUTION, ETC.
Date of publication, distribution, etc. 2005
490 #0 - SERIES STATEMENT
Series statement Property Week
Volume/sequential designation 70(36) 9 September 2005, 73-96(10)
520 ## - SUMMARY, ETC.
Summary, etc. Special report focusing on careers. Examines the popularity of RICS accredited masters degress and the RICS APC, including a list of 14 tips on passing.
590 ## - LOCAL NOTE (RLIN)
Local note IKA270905
590 ## - LOCAL NOTE (RLIN)
Local note KA
690 ## - LOCAL SUBJECT ADDED ENTRY--TOPICAL TERM (OCLC, RLIN)
Topical term or geographic name as entry element CAREERS, EDUCATION AND TRAINING-QUALIFICATION ROUTES-ASSESSMENT OF PROFESSIONAL COMPETENCE
942 ## - ADDED ENTRY ELEMENTS (KOHA)
Suppress in OPAC 0
Holdings
Withdrawn status Lost status Source of classification or shelving scheme Damaged status Not for loan Home library Current library Shelving location Date acquired Total Checkouts Full call number Barcode Date last seen Copy number Price effective from Koha item type
    Dewey Decimal Classification     London London Journal article 20/09/2005   L130954 130954-1001 06/08/2019 1 06/08/2019 Journal article